| 000 | 00737cam a2200241 i 4500 | ||
|---|---|---|---|
| 008 | |||
| 020 | _a0443019959(hbk. ) | ||
| 049 | _aMAIN | ||
| 090 | _aRC681 REC | ||
| 245 | 0 | 0 |
_aRecent advances in cardiology / _cedited by John Hamer. |
| 250 | _aNo. 8. | ||
| 260 |
_aEdinburgh : _bChurchill Livingstone : _bdistributed in the United States of America by Longman, _c1977. |
||
| 300 |
_aviii, 348 p. : _bill. ; _c25 cm. |
||
| 504 | _aIncludes bibliographical references. | ||
| 500 | _aIncludes index. | ||
| 650 | 0 | _aCardiology. | |
| 700 | 1 | _aHamer, John. | |
| 907 |
_a.b10187364 _b12-02-07 _c24-01-06 |
||
| 003 | |||
| 005 | 20230120203916.0 | ||
| 040 | _cNUST | ||
| 942 |
_cBOOKS _kRC681 REC |
||
| 999 |
_c113668 _d113668 |
||